[Event "EU-ch Online U2300 Qual"]
[Site "Chess.com INT"]
[Date "2020.05.25"]
[Round "7"]
[White "Svitojus, Zygimantas"]
[Black "Agrest, Inna"]
[Result "0-1"]
[WhiteElo "2033"]
[BlackElo "2284"]
[PlyCount "108"]
[EventDate "2020.05.25"]
[EventType "swiss"]
[EventRounds "8"]
[EventCountry "NET"]
[SourceTitle "EXT 2021"]
[Source "ChessBase"]
[SourceDate "2020.10.23"]
[SourceVersion "1"]
[SourceVersionDate "2020.10.23"]
[SourceQuality "1"]

1. d4 Nf6 2. Nf3 g6 3. g3 Bg7 4. Bg2 0-0 5. 0-0 d6 6. c4 Nbd7 7. Nc3 a6 8. e4 e5 9. dxe5 dxe5 10. Bg5 h6 11. Be3 c6 12. h3 Qe7 13. Qc2 Re8 14. Na4 b5 15. Nc3 b4 16. Na4 a5 17. Rfd1 Kh7 18. b3 Bb7 19. c5 Ba6 20. Rd2 Bb5 21. Nb2 Nf8 22. a3 Rad8 23. axb4 axb4 24. Nc4 Bxc4 25. Qxc4 Rb8 26. Ra4 Qe6 27. Rc2 N8d7 28. Qxe6 Rxe6 29. Rc4 Bf8 30. Nd2 Rb5 31. Raxb4 Rxb4 32. Rxb4 Nxc5 33. Rb8 Re8 34. Rb6 Rc8 35. Nc4 Nfd7 36. Bxc5 Bxc5 37. Rb7 Rd8 38. Rc7 Kg7 39. Rxc6 Bd4 40. Rd6 Kf8 41. Bf1 Ke7 42. Rd5 Rc8 43. Bd3 f6 44. Kf1 Nc5 45. Bc2 Ra8 46. b4 Ra1+ 47. Ke2 Na4 48. f4 Nc3+ 49. Kf3 Rf1+ 50. Kg4 Nxd5 51. exd5 f5+ 52. Kh4 e4 53. d6+ Ke6 54. Bb3 Bf6# 0-1

[Event "LTU-chT"]
[Site "Lithuania"]
[Date "2016.02.07"]
[Round "5.4"]
[White "Svitojus, Zygimantas"]
[Black "Brazdzionis, Andrius"]
[Result "0-1"]
[WhiteElo "2025"]
[BlackElo "2283"]
[PlyCount "86"]
[EventDate "2016.01.23"]
[EventType "team-swiss"]
[EventRounds "7"]
[EventCountry "LTU"]
[SourceTitle "EXT 2017"]
[Source "ChessBase"]
[SourceDate "2016.10.25"]
[SourceVersion "1"]
[SourceVersionDate "2016.10.25"]
[SourceQuality "1"]
[WhiteTeam "Marijampole Mantinga"]
[BlackTeam "Vilnius MRU"]
[WhiteTeamCountry "LTU"]
[BlackTeamCountry "LTU"]

1. e4 e6 2. d4 d5 3. exd5 exd5 4. Bd3 Bd6 5. Nf3 Ne7 6. 0-0 0-0 7. c3 Nd7 8. Qc2 h6 9. Re1 c5 10. b3 Qc7 11. Nbd2 Nc6 12. Bb2 Nf6 13. a3 cxd4 14. cxd4 Be6 15. b4 a6 16. Nb3 Rae8 17. Ne5 Bc8 18. f4 Na7 19. Qxc7 Bxc7 20. a4 Ne4 21. Nc5 f5 22. b5 Ba5 23. Re2 Rf6 24. Rc1 Bb4 25. Nb3 axb5 26. axb5 Rb6 27. Rec2 Be6 28. Rc5 Nd6 29. Bc3 Bxc3 30. R5xc3 Naxb5 31. Bxb5 Rxb5 32. Nc5 Ne4 33. R3c2 Rb4 34. Nxe6 Rxe6 35. Rc8+ Kh7 36. Rd8 Reb6 37. h4 Rb1 38. Rxb1 Rxb1+ 39. Kh2 Nf6 40. Rb8 b5 41. Nc6 Ng4+ 42. Kh3 Rb3+ 43. g3 Rb2 0-1

[Event "LTU-chT"]
[Site "Lithuania"]
[Date "2015.01.24"]
[Round "1.2"]
[White "Svitojus, Zygimantas"]
[Black "Stremavicius, Titas"]
[Result "0-1"]
[WhiteElo "2059"]
[BlackElo "2381"]
[PlyCount "120"]
[EventDate "2015.01.24"]
[EventType "team-tourn"]
[EventRounds "7"]
[EventCountry "LTU"]
[SourceTitle "CBM 164 Extra"]
[Source "ChessBase"]
[SourceDate "2015.03.02"]
[SourceVersion "1"]
[SourceVersionDate "2015.03.02"]
[SourceQuality "1"]
[WhiteTeam "Marijampole Mantinga"]
[BlackTeam "Kaunas Margiris"]
[WhiteTeamCountry "LTU"]
[BlackTeamCountry "LTU"]

1. e4 c5 2. Nf3 Nc6 3. d4 cxd4 4. Nxd4 Nf6 5. Nc3 d6 6. Be2 g6 7. Be3 Bg7 8. 0-0 0-0 9. Kh1 a6 10. a4 d5 11. Nxc6 bxc6 12. Bf3 Bb7 13. exd5 cxd5 14. Bd4 e6 15. a5 Rc8 16. Na4 Nd7 17. Bxg7 Kxg7 18. Qd4+ Kg8 19. Qb4 Rb8 20. Be2 Bc6 21. Qd6 Bxa4 22. Rxa4 Rxb2 23. Bd3 Nb8 24. Qa3 Rb7 25. c4 dxc4 26. Bxc4 Qd2 27. Qd3 Qxd3 28. Bxd3 Rd8 29. Ra3 Rbd7 30. Be2 Rd2 31. Bf3 Nd7 32. h3 Ne5 33. Bb7 R2d6 34. Rc3 Kg7 35. Rb1 Rb8 36. Rc7 Rd7 37. Rxd7 Nxd7 38. Be4 Rxb1+ 39. Bxb1 Kf6 40. f4 Ke7 41. Bd3 Nc5 42. Bc4 Kf6 43. g4 g5 44. f5 exf5 45. gxf5 Nb7 46. Bxa6 Nxa5 47. Kg2 Nc6 48. Kf3 h5 49. Ke4 Ne7 50. Bc4 Nxf5 51. Kf3 Nd6 52. Bd3 Ke5 53. Kg3 f5 54. Bc2 Ne4+ 55. Kg2 g4 56. hxg4 fxg4 57. Ba4 h4 58. Bd7 h3+ 59. Kh2 Kf4 60. Bc6 Ng5 0-1

[Event "LTU-ch U16"]
[Site "Panevezys"]
[Date "2013.03.26"]
[Round "6"]
[White "Jurcius, Mantas"]
[Black "Svitojus, Zygimantas"]
[Result "0-1"]
[WhiteElo "1708"]
[BlackElo "2029"]
[PlyCount "114"]
[EventDate "2013.03.23"]
[EventType "swiss"]
[EventRounds "7"]
[EventCountry "LTU"]
[SourceTitle "EXT 2022"]
[Source "ChessBase"]
[SourceDate "2021.10.06"]
[SourceVersion "1"]
[SourceVersionDate "2021.10.06"]
[SourceQuality "1"]

1. e4 c5 2. Nf3 e6 3. d4 cxd4 4. Nxd4 a6 5. Nc3 Qc7 6. Be3 Nf6 7. Be2 Bb4 8. 0-0 Bxc3 9. bxc3 Nxe4 10. c4 Nc3 11. Qd3 Nxe2+ 12. Qxe2 0-0 13. Rfd1 d6 14. Nb3 Nc6 15. c5 d5 16. c4 dxc4 17. Qxc4 e5 18. Rd6 Be6 19. Qc3 Rfe8 20. Rad1 Na7 21. Qa5 Qe7 22. Qb4 Nb5 23. R6d2 Rab8 24. a4 Nc7 25. Na5 Red8 26. Qxb7 Bd5 27. Qa7 h6 28. c6 Rdc8 29. Qc5 Qh4 30. Rxd5 Nxd5 31. Qxd5 Qxa4 32. Nc4 Rb5 33. Qd7 Rxc6 34. Qd8+ Kh7 35. Qd3+ e4 36. Qxe4+ f5 37. Qd3 Qxc4 38. Qxc4 Rxc4 39. h3 a5 40. g3 a4 41. Rd7 a3 42. Ra7 Rb3 43. Kg2 Kg6 44. h4 Rd3 45. Bf4 Kf6 46. Ra6+ Ke7 47. Ra7+ Ke6 48. Ra6+ Kd7 49. Ra7+ Kc6 50. Rxg7 Ra4 51. Bxh6 a2 52. Rg6+ Rd6 53. Rxd6+ Kxd6 54. Bg7 a1Q 55. Bxa1 Rxa1 56. h5 Ke6 57. f3 Kf6 0-1

[Event "LTU-ch U16"]
[Site "Panevezys"]
[Date "2013.03.25"]
[Round "4"]
[White "Stremavicius, Titas"]
[Black "Svitojus, Zygimantas"]
[Result "1/2-1/2"]
[WhiteElo "2172"]
[BlackElo "2029"]
[PlyCount "120"]
[EventDate "2013.03.23"]
[EventType "swiss"]
[EventRounds "7"]
[EventCountry "LTU"]
[SourceTitle "EXT 2022"]
[Source "ChessBase"]
[SourceDate "2021.10.06"]
[SourceVersion "1"]
[SourceVersionDate "2021.10.06"]
[SourceQuality "1"]

1. d4 d6 2. c4 e5 3. Nc3 exd4 4. Qxd4 Nc6 5. Qd2 Nf6 6. e4 a5 7. Bd3 g6 8. Nge2 Bg7 9. 0-0 0-0 10. Rb1 Nd7 11. b3 Nb4 12. Nd5 Nxd3 13. Qxd3 f5 14. Ng3 Nc5 15. Qc2 c6 16. Nf4 fxe4 17. Be3 Be5 18. Nfe2 Qh4 19. Qd2 Qe7 20. Bg5 Bf6 21. Bxf6 Rxf6 22. Nc3 Bf5 23. Rbe1 Re6 24. Nce2 Re5 25. Nd4 a4 26. b4 Ne6 27. f4 exf3 28. Ngxf5 gxf5 29. Nxf3 Re4 30. Qh6 Rf8 31. Nd2 Rf6 32. Qxf6 Qxf6 33. Rxe4 Qb2 34. Rxe6 Qxd2 35. Rxf5 Qd4+ 36. Rf2 Qd1+ 37. Rf1 Qd4+ 38. Rf2 Qxc4 39. Rxd6 Qxb4 40. Rd8+ Kg7 41. Rd7+ Kg6 42. Rd1 b5 43. Rdf1 Qd4 44. Kh1 h5 45. Rf4 Qe5 46. h4 c5 47. Rf8 b4 48. Rg8+ Kh6 49. Rg5 Qd4 50. g3 b3 51. axb3 axb3 52. Rff5 Qd1+ 53. Kh2 Qe2+ 54. Kh3 Qe8 55. Rxc5 b2 56. Rb5 Qc8+ 57. Kh2 Qc2+ 58. Kh3 b1Q 59. Rxb1 Qxb1 60. Kg2 Qd3 1/2-1/2

[Event "LTU-ch U16"]
[Site "Panevezys"]
[Date "2013.03.24"]
[Round "2"]
[White "Miknevicius, Laurynas"]
[Black "Svitojus, Zygimantas"]
[Result "1/2-1/2"]
[WhiteElo "1906"]
[BlackElo "2029"]
[PlyCount "62"]
[EventDate "2013.03.23"]
[EventType "swiss"]
[EventRounds "7"]
[EventCountry "LTU"]
[SourceTitle "EXT 2022"]
[Source "ChessBase"]
[SourceDate "2021.10.06"]
[SourceVersion "1"]
[SourceVersionDate "2021.10.06"]
[SourceQuality "1"]

1. d4 Nf6 2. c4 g6 3. Nc3 d5 4. cxd5 Nxd5 5. e4 Nxc3 6. bxc3 Bg7 7. Nf3 c5 8. Rb1 Nc6 9. d5 Ne5 10. Nxe5 Bxe5 11. Qd2 0-0 12. Be2 e6 13. f4 Bg7 14. c4 Rb8 15. Bb2 exd5 16. Bxg7 Kxg7 17. cxd5 Re8 18. e5 Bf5 19. Rb3 f6 20. e6 Qd6 21. Bf3 c4 22. Re3 b5 23. g4 Bd3 24. Be4 Qxf4 25. Bxd3 cxd3 26. Rf1 Qxg4 27. Rxd3 Rbc8 28. Rf4 Qg1+ 29. Rf1 Qg4 30. Rf4 Qg5 31. Qe3 Qg2 1/2-1/2

[Event "LTU-chT"]
[Site "Vilnius"]
[Date "2013.02.09"]
[Round "3.2"]
[White "Svitojus, Zygimantas"]
[Black "Beinoras, Mindaugas"]
[Result "0-1"]
[WhiteElo "2031"]
[BlackElo "2350"]
[PlyCount "132"]
[EventDate "2013.01.19"]
[EventType "team-swiss"]
[EventRounds "7"]
[EventCountry "LTU"]
[SourceTitle "CBM 152 Extra"]
[Source "ChessBase"]
[SourceDate "2013.02.25"]
[SourceVersion "1"]
[SourceVersionDate "2013.02.25"]
[SourceQuality "1"]
[WhiteTeam "Marijampole Suduva"]
[BlackTeam "Klaipeda Bokstas"]
[WhiteTeamCountry "LTU"]
[BlackTeamCountry "LTU"]

1. e4 e5 2. Nf3 Nc6 3. Bb5 a6 4. Ba4 Nf6 5. d3 b5 6. Bb3 Be7 7. 0-0 d6 8. h3 Na5 9. c3 Nxb3 10. axb3 c5 11. c4 Rb8 12. Nc3 h6 13. Nh2 0-0 14. f4 bxc4 15. bxc4 exf4 16. Rxf4 Nd7 17. Nd5 Bg5 18. Rf2 Bh4 19. Rf1 Ne5 20. Nf3 Bg3 21. Qe2 f5 22. Bf4 Bxf4 23. Nxf4 fxe4 24. Qxe4 Bb7 25. Nd5 Nxf3+ 26. Rxf3 Rxf3 27. Qxf3 Qg5 28. Qf4 Bxd5 29. Qxg5 hxg5 30. cxd5 Rb6 31. Ra4 Kf7 32. Kh2 g6 33. Kg1 Kf6 34. Re4 a5 35. Re2 Kf5 36. Kf2 g4 37. hxg4+ Kxg4 38. Re6 Rxb2+ 39. Ke3 Rb6 40. Rxg6+ Kf5 41. Rg8 Ra6 42. d4 c4 43. g4+ Kf6 44. Kd2 a4 45. Kc2 a3 46. Kb1 Ra5 47. Rc8 Kg5 48. Ka2 Kxg4 49. Rxc4 Kf4 50. Rc6 Rxd5 51. Kxa3 Ke3 52. Kb2 Rxd4 53. Rc8 d5 54. Re8+ Kd2 55. Kb3 Rd3+ 56. Kb2 Rd4 57. Kb3 Rf4 58. Rh8 Rf3+ 59. Kb2 d4 60. Rh2+ Kd1 61. Rh1+ Ke2 62. Rh2+ Rf2 63. Rh8 d3 64. Kc3 d2 65. Re8+ Kd1 66. Rh8 Kc1 0-1

[Event "Kaunas op"]
[Site "Kaunas"]
[Date "2012.11.03"]
[Round "5"]
[White "Steponavicius, Stasys"]
[Black "Svitojus, Zygimantas"]
[Result "1-0"]
[WhiteElo "2180"]
[BlackElo "2001"]
[PlyCount "81"]
[EventDate "2012.10.27"]
[EventType "swiss"]
[EventRounds "7"]
[EventCountry "LTU"]
[SourceTitle "EXT 2014"]
[Source "ChessBase"]
[SourceDate "2013.11.20"]
[SourceVersion "1"]
[SourceVersionDate "2013.11.20"]
[SourceQuality "1"]

1. d4 Nf6 2. c4 g6 3. Nc3 d5 4. cxd5 Nxd5 5. e4 Nxc3 6. bxc3 Bg7 7. Bc4 c5 8. Ne2 Nc6 9. Be3 0-0 10. Rc1 Bd7 11. h4 Qa5 12. Kf1 Rfd8 13. Qb3 Be8 14. Rd1 Qc7 15. Bb5 a6 16. Bxc6 Bxc6 17. d5 Bd7 18. h5 b5 19. hxg6 hxg6 20. Qa3 Rac8 21. Qc1 Qa5 22. Bh6 Bf6 23. Bg5 Bg7 24. Qf4 f6 25. Bh6 Bh8 26. Bf8 Rxf8 27. Rxh8+ Kf7 28. Rh7+ Ke8 29. Qh6 Qa4 30. Qxg6+ Kd8 31. Ke1 Kc7 32. Rxe7 Rcd8 33. Qg3+ Kc8 34. Qd6 Rh8 35. Qxc5+ Kb7 36. Ng3 Qc4 37. Qxc4 bxc4 38. Rb1+ Kc7 39. Rb4 Kd6 40. Rf7 Ke5 41. Rb7 1-0

[Event "Kaunas op"]
[Site "Kaunas"]
[Date "2012.10.27"]
[Round "2"]
[White "Svitojus, Zygimantas"]
[Black "Petraitis, Gintautas"]
[Result "1-0"]
[WhiteElo "2001"]
[BlackElo "1939"]
[PlyCount "105"]
[EventDate "2012.10.27"]
[EventType "swiss"]
[EventRounds "7"]
[EventCountry "LTU"]
[SourceTitle "EXT 2014"]
[Source "ChessBase"]
[SourceDate "2013.11.20"]
[SourceVersion "1"]
[SourceVersionDate "2013.11.20"]
[SourceQuality "1"]

1. e4 e5 2. Nf3 Nc6 3. Bb5 a6 4. Ba4 Nf6 5. d3 b5 6. Bb3 Bc5 7. 0-0 0-0 8. Bg5 h6 9. Bh4 g5 10. Bg3 d6 11. c3 Bg4 12. Nbd2 Nh5 13. Re1 Rb8 14. Nf1 Qf6 15. Ne3 Bxf3 16. Qxf3 Qxf3 17. gxf3 Ne7 18. Rad1 Nxg3 19. fxg3 Rbd8 20. d4 Bb6 21. Kf1 Kg7 22. Nd5 Nxd5 23. Bxd5 f5 24. dxe5 fxe4 25. Bxe4 dxe5 26. Rxd8 Rxd8 27. Bb7 Rd2 28. Re2 Rxe2 29. Kxe2 a5 30. Kd3 Bg1 31. h3 b4 32. cxb4 axb4 33. Kc4 Bd4 34. Kxb4 Bxb2 35. a4 Kf6 36. Kb5 Ke7 37. Kc6 Kd8 38. a5 Bd4 39. a6 Bb6 40. Kd5 Bf2 41. g4 Bd4 42. Ke6 Ke8 43. Bc6+ Kd8 44. Bb7 Ke8 45. Bc6+ Kd8 46. Kf7 Bf2 47. Bb5 Bd4 48. Ke6 Kc8 49. Bd3 c5 50. Kf5 Kc7 51. Kg6 Kb6 52. Kxh6 Be3 53. Kh5 1-0

[Event "World ol U16 11th"]
[Site "Istanbul"]
[Date "2012.09.03"]
[Round "7.20"]
[White "Khomeriki, Nino"]
[Black "Svitojus, Zygimantas"]
[Result "0-1"]
[WhiteElo "2030"]
[BlackElo "2002"]
[PlyCount "168"]
[EventDate "2012.08.29"]
[EventType "team-swiss"]
[EventRounds "10"]
[EventCountry "TUR"]
[SourceTitle "CBM 150 Extra"]
[Source "ChessBase"]
[SourceDate "2012.10.19"]
[SourceVersion "1"]
[SourceVersionDate "2012.10.19"]
[SourceQuality "1"]
[WhiteTeam "Georgia (U16)"]
[BlackTeam "Lithuania (U16)"]
[WhiteTeamCountry "GEO"]
[BlackTeamCountry "LTU"]

1. e4 c5 2. Nf3 e6 3. d3 Nc6 4. Nbd2 d6 5. g3 g6 6. Bg2 Bg7 7. 0-0 Nge7 8. Re1 0-0 9. Nf1 Rb8 10. Ne3 b5 11. Ng4 e5 12. Ne3 f6 13. c3 Qb6 14. Nd5 Nxd5 15. exd5 Ne7 16. d4 Bb7 17. a4 a6 18. a5 Qd8 19. dxe5 dxe5 20. Be3 Qd6 21. c4 e4 22. Bf4 Qd7 23. Nd2 f5 24. Bxb8 Rxb8 25. b3 Re8 26. Ra2 Nc8 27. Kh1 Nd6 28. Rc2 bxc4 29. bxc4 Qa4 30. Qb1 Qxa5 31. Qb3 Bd4 32. Ra2 Qc7 33. Nf1 a5 34. f3 Ba6 35. Rc2 Rb8 36. Qa2 Rb4 37. fxe4 fxe4 38. Nd2 e3 39. Nb3 Bxc4 40. Qxa5 Qxa5 41. Nxa5 Bd3 42. Rcc1 e2 43. Nc6 Bf2 44. Nxb4 cxb4 45. Bf3 Bxe1 46. Rxe1 b3 47. Bxe2 Be4+ 48. Kg1 b2 49. Kf2 b1Q 50. Rxb1 Bxb1 51. Ke3 Nf5+ 52. Kf4 Kf7 53. Ke5 Ke7 54. g4 Nd6 55. h4 Nf7+ 56. Kd4 Kd6 57. g5 Bf5 58. Bd1 Bh3 59. Ba4 Ne5 60. Bd1 Bg2 61. h5 Bf3 62. hxg6 hxg6 63. Bb3 Nf7 64. Bc2 Bh5 65. Ke4 Nxg5+ 66. Kf4 Nf7 67. Be4 Ke7 68. Bc2 Kf6 69. Bb1 g5+ 70. Kg3 Nd6 71. Bc2 Ke5 72. Bb3 Nf5+ 73. Kf2 Kf4 74. Kg1 Bf3 75. Bc4 g4 76. Bb3 g3 77. Bc4 Ke3 78. Bf1 Bxd5 79. Bh3 Nd4 80. Kf1 Ne2 81. Ke1 Nf4 82. Bf1 Bf3 83. Bc4 g2 84. Bf1 Nd3+ 0-1

[Event "World ol U16 11th"]
[Site "Istanbul"]
[Date "2012.09.01"]
[Round "6.11"]
[White "Vucinic, Gojko"]
[Black "Svitojus, Zygimantas"]
[Result "1/2-1/2"]
[WhiteElo "2237"]
[BlackElo "2002"]
[PlyCount "88"]
[EventDate "2012.08.29"]
[EventType "team-swiss"]
[EventRounds "10"]
[EventCountry "TUR"]
[SourceTitle "CBM 150 Extra"]
[Source "ChessBase"]
[SourceDate "2012.10.19"]
[SourceVersion "1"]
[SourceVersionDate "2012.10.19"]
[SourceQuality "1"]
[WhiteTeam "Serbia (U16)"]
[BlackTeam "Lithuania (U16)"]
[WhiteTeamCountry "SRB"]
[BlackTeamCountry "LTU"]

1. e4 c5 2. Nf3 e6 3. d4 cxd4 4. Nxd4 Nc6 5. Nc3 Qc7 6. Be3 a6 7. Qd2 Nf6 8. 0-0-0 Bb4 9. f3 0-0 10. Kb1 Ne5 11. Nb3 Be7 12. Qf2 b5 13. Bb6 Qb8 14. Bd4 d6 15. g4 Bb7 16. g5 Nh5 17. f4 Ng6 18. f5 exf5 19. Qxf5 Nhf4 20. Nd5 Nxd5 21. exd5 Bc8 22. Qf3 Bxg5 23. h4 Bh6 24. Bd3 Ne5 25. Bxe5 dxe5 26. d6 Bb7 27. Be4 Bxe4 28. Qxe4 Bf4 29. Na5 Qd8 30. Nc6 Qd7 31. Nxe5 Bxe5 32. Qxe5 Rfe8 33. Qd4 Rac8 34. Rhg1 g6 35. h5 Re6 36. h6 f6 37. Rge1 Rce8 38. Qd5 Kf8 39. Rxe6 Rxe6 40. Qc5 Re8 41. b3 Kf7 42. Qd5+ Kf8 43. Rf1 Re6 44. Qa8+ Qe8 1/2-1/2

[Event "World ol U16 11th"]
[Site "Istanbul"]
[Date "2012.08.30"]
[Round "3.23"]
[White "Papasimakopoulos, Alexandros"]
[Black "Svitojus, Zygimantas"]
[Result "1/2-1/2"]
[WhiteElo "2126"]
[BlackElo "2002"]
[PlyCount "90"]
[EventDate "2012.08.29"]
[EventType "team-swiss"]
[EventRounds "10"]
[EventCountry "TUR"]
[SourceTitle "CBM 150 Extra"]
[Source "ChessBase"]
[SourceDate "2012.10.19"]
[SourceVersion "1"]
[SourceVersionDate "2012.10.19"]
[SourceQuality "1"]
[WhiteTeam "Greece (U16)"]
[BlackTeam "Lithuania (U16)"]
[WhiteTeamCountry "GRE"]
[BlackTeamCountry "LTU"]

1. d4 Nf6 2. c4 g6 3. Nc3 d5 4. Bg5 Ne4 5. Bh4 Nxc3 6. bxc3 Bg7 7. cxd5 Qxd5 8. Nf3 c5 9. e3 cxd4 10. cxd4 Nc6 11. Be2 0-0 12. 0-0 e5 13. dxe5 Qxd1 14. Rfxd1 Nxe5 15. Rab1 Be6 16. Rxb7 Bxa2 17. Nxe5 Bxe5 18. f4 Bg7 19. Ba6 Be6 20. Rc7 Rfe8 21. h3 h5 22. Kf2 Rab8 23. Rxa7 Rb2+ 24. Kf3 Bb3 25. Rdd7 Ba4 26. Rd6 Bc2 27. Re7 Rxe7 28. Bxe7 f5 29. Bc4+ Kh7 30. Bd5 Be4+ 31. Bxe4 fxe4+ 32. Kg3 Rb3 33. Rd7 Rxe3+ 34. Kf2 Rd3 35. Rxd3 exd3 36. Ke3 Kg8 37. Kxd3 Kf7 38. Bd8 Ke6 39. Ke4 Bc3 40. Bb6 Be1 41. Bd4 Bd2 42. Be3 Bb4 43. Bf2 Be7 44. g3 Bf6 45. Bc5 Bd8 1/2-1/2

[Event "Panevezys op 25th"]
[Site "Panevezys"]
[Date "2012.08.19"]
[Round "9"]
[White "Svitojus, Zygimantas"]
[Black "Juknis, Paulius"]
[Result "1/2-1/2"]
[WhiteElo "2002"]
[BlackElo "2144"]
[PlyCount "56"]
[EventDate "2012.08.13"]
[EventType "swiss"]
[EventRounds "9"]
[EventCountry "LTU"]
[SourceTitle "CBM 149 Extra"]
[Source "ChessBase"]
[SourceDate "2012.08.24"]
[SourceVersion "1"]
[SourceVersionDate "2012.08.24"]
[SourceQuality "1"]

1. e4 d5 2. exd5 Qxd5 3. Nc3 Qd6 4. Nf3 Nf6 5. h3 a6 6. d4 Nbd7 7. Bd3 b5 8. a4 b4 9. Ne4 Qd5 10. c4 bxc3 11. Nxc3 Qd6 12. 0-0 Bb7 13. Re1 e6 14. Ne4 Nxe4 15. Bxe4 Bxe4 16. Rxe4 Nf6 17. Bf4 Qb6 18. Re2 Bd6 19. Be5 Bxe5 20. dxe5 Nd5 21. a5 Qb7 22. Qa4+ Qb5 23. Qxb5+ axb5 24. Nd4 b4 25. Rc2 Ra6 26. Nb5 Kd7 27. Nd4 Rha8 28. Nb3 Ke7 1/2-1/2

[Event "Panevezys op 25th"]
[Site "Panevezys"]
[Date "2012.08.16"]
[Round "6"]
[White "Svitojus, Zygimantas"]
[Black "Juciute, Henrieta"]
[Result "1-0"]
[WhiteElo "2002"]
[BlackElo "1875"]
[PlyCount "56"]
[EventDate "2012.08.13"]
[EventType "swiss"]
[EventRounds "9"]
[EventCountry "LTU"]
[SourceTitle "CBM 149 Extra"]
[Source "ChessBase"]
[SourceDate "2012.08.24"]
[SourceVersion "1"]
[SourceVersionDate "2012.08.24"]
[SourceQuality "1"]

1. e4 e5 2. Nf3 Nc6 3. Bb5 a6 4. Ba4 Nf6 5. 0-0 Bc5 6. c3 b5 7. Bc2 0-0 8. d4 Bd6 9. dxe5 Bxe5 10. Nxe5 Nxe5 11. f4 Nc6 12. e5 Ne8 13. Qh5 g6 14. Qh6 d6 15. Nd2 Ng7 16. Nf3 f6 17. exf6 Qxf6 18. Ng5 Re8 19. Qxh7+ Kf8 20. Qxg6 Qxg6 21. Bxg6 Re2 22. Bd3 Re8 23. f5 Ne5 24. Be4 c6 25. f6 Ne6 26. f7 Rd8 27. Nxe6+ Bxe6 28. Bh6+ Ke7 1-0

[Event "Plunge op 32nd"]
[Site "Plunge"]
[Date "2012.07.22"]
[Round "9"]
[White "Svitojus, Zygimantas"]
[Black "Vaicekauskas, Gytis"]
[Result "0-1"]
[WhiteElo "1983"]
[BlackElo "2091"]
[PlyCount "101"]
[EventDate "2012.07.16"]
[EventType "swiss"]
[EventRounds "9"]
[EventCountry "LTU"]
[SourceTitle "EXT 2013"]
[Source "ChessBase"]
[SourceDate "2012.11.22"]
[SourceVersion "1"]
[SourceVersionDate "2012.11.22"]
[SourceQuality "1"]

1. e4 e6 2. d4 d5 3. e5 c5 4. c3 Nc6 5. Be3 Qb6 6. Qd2 Bd7 7. Nf3 Rc8 8. Be2 cxd4 9. cxd4 Bb4 10. Nc3 Na5 11. 0-0 Ne7 12. Rab1 0-0 13. a3 Bxc3 14. bxc3 Qc7 15. Rfc1 Ba4 16. Qa2 Qc6 17. Rb4 Nc4 18. Bxc4 dxc4 19. Qb1 Bb3 20. Ng5 Ng6 21. Qe4 h6 22. Qxc6 Rxc6 23. Ne4 b6 24. Nd2 a5 25. Rb5 Ba4 26. Rb2 Ne7 27. Kf1 Nd5 28. Ke2 b5 29. Ne4 b4 30. Bd2 bxa3 31. Ra2 Bb3 32. Rxa3 a4 33. f3 Kh7 34. Be3 f6 35. exf6 gxf6 36. Kf2 Kg6 37. h4 Nc7 38. h5+ Kg7 39. Bf4 Nb5 40. Raa1 a3 41. Ke2 a2 42. g4 Na3 43. Bd6 Ra8 44. Bxa3 Rxa3 45. Kd2 Ra8 46. f4 Rd8 47. Ke3 Kf7 48. g5 fxg5 49. fxg5 hxg5 50. Nxg5+ Ke7 51. Rf1 0-1

[Event "Plunge op 32nd"]
[Site "Plunge"]
[Date "2012.07.20"]
[Round "7"]
[White "Svitojus, Zygimantas"]
[Black "Vicas, Marijus"]
[Result "0-1"]
[WhiteElo "1983"]
[BlackElo "1947"]
[PlyCount "90"]
[EventDate "2012.07.16"]
[EventType "swiss"]
[EventRounds "9"]
[EventCountry "LTU"]
[SourceTitle "EXT 2013"]
[Source "ChessBase"]
[SourceDate "2012.11.22"]
[SourceVersion "1"]
[SourceVersionDate "2012.11.22"]
[SourceQuality "1"]

1. e4 d5 2. exd5 Nf6 3. d4 Nxd5 4. Nf3 g6 5. c4 Nb6 6. Nc3 Bg7 7. h3 0-0 8. Be3 Nc6 9. Qd2 e5 10. d5 Na5 11. b3 e4 12. Nd4 c5 13. Nde2 Naxc4 14. bxc4 Nxc4 15. Qc2 Qa5 16. Rc1 Ne5 17. Nf4 c4 18. Qd2 Nd3+ 19. Bxd3 cxd3 20. Nxe4 Qxd2+ 21. Kxd2 b5 22. Bc5 Rd8 23. Be7 Bf5 24. Bxd8 Bxe4 25. Bc7 Bh6 26. f3 Bxd5 27. Kc3 Bc6 28. Kb4 Rc8 29. Bd6 Rd8 30. Be5 f6 31. Ne6 a5+ 32. Kc3 b4+ 33. Kc4 Bd5+ 34. Kb5 Bxe6 35. Bc7 Rc8 36. f4 d2 37. Rc5 Bf8 38. Rc6 Bd7 39. Kb6 Bxc6 40. Kxc6 Re8 41. Rd1 Re2 42. g3 a4 43. Kb5 b3 44. Kc4 b2 45. Ba5 Re1 0-1

[Event "Plunge op 32nd"]
[Site "Plunge"]
[Date "2012.07.19"]
[Round "5"]
[White "Svitojus, Zygimantas"]
[Black "Vasylius, Kestutis"]
[Result "1/2-1/2"]
[WhiteElo "1983"]
[BlackElo "2102"]
[PlyCount "62"]
[EventDate "2012.07.16"]
[EventType "swiss"]
[EventRounds "9"]
[EventCountry "LTU"]
[SourceTitle "EXT 2013"]
[Source "ChessBase"]
[SourceDate "2012.11.22"]
[SourceVersion "1"]
[SourceVersionDate "2012.11.22"]
[SourceQuality "1"]

1. e4 c5 2. Nf3 d6 3. d4 cxd4 4. Nxd4 Nf6 5. Nc3 a6 6. Be2 e5 7. Nb3 Be7 8. g4 h6 9. Be3 Be6 10. Rg1 d5 11. exd5 Nxd5 12. Nc5 Nxc3 13. Qxd8+ Bxd8 14. bxc3 Bd5 15. Rb1 Ba5 16. Kd2 b6 17. Nb3 Nc6 18. Nxa5 Nxa5 19. Bxb6 Nc4+ 20. Bxc4 Bxc4 21. a4 0-0 22. Bc7 f6 23. Rb4 Be6 24. Rg3 Rac8 25. Ba5 Bc4 26. Rg1 Rf7 27. Rd1 Rd7+ 28. Kc1 Rxd1+ 29. Kxd1 Be6 30. Kd2 Rc6 31. f3 Bd5 1/2-1/2

[Event "Baltija Cup"]
[Site "Palanga"]
[Date "2012.06.23"]
[Round "8"]
[White "Juknis, Paulius"]
[Black "Svitojus, Zygimantas"]
[Result "1/2-1/2"]
[WhiteElo "2156"]
[BlackElo "1964"]
[PlyCount "84"]
[EventDate "2012.06.19"]
[EventType "swiss"]
[EventRounds "8"]
[EventCountry "LTU"]
[SourceTitle "CBM 149 Extra"]
[Source "ChessBase"]
[SourceDate "2012.08.24"]
[SourceVersion "1"]
[SourceVersionDate "2012.08.24"]
[SourceQuality "1"]

1. e4 c5 2. c3 d5 3. exd5 Qxd5 4. d4 Nc6 5. Nf3 e5 6. Nxe5 Nxe5 7. dxe5 Qxe5+ 8. Be3 Nf6 9. Nd2 Be7 10. Bb5+ Bd7 11. Bxd7+ Nxd7 12. Qa4 Qf5 13. g4 Qe6 14. Qe4 Qxe4 15. Nxe4 Ne5 16. 0-0-0 b6 17. h3 0-0 18. Bf4 Ng6 19. Bg3 f5 20. gxf5 Rxf5 21. Rd7 Bh4 22. Rhd1 Bxg3 23. fxg3 Re5 24. Nd6 Nf8 25. Rb7 h5 26. g4 hxg4 27. hxg4 Rg5 28. Rg1 Nh7 29. Nb5 Nf6 30. Rxa7 Rxa7 31. Nxa7 c4 32. Nc8 b5 33. Nd6 Kf8 34. Nf5 Kf7 35. Ne3 Ke6 36. Re1 Kd7 37. b3 cxb3 38. axb3 Kc6 39. Kd2 Nxg4 40. Rg1 Nf2 41. Rxg5 Ne4+ 42. Kd3 Nxg5 1/2-1/2